Statistics for Homophones Quiz

Click here to take the quiz!

General Stats

  • This quiz has been taken 117 times
  • The average score is 22 of 26

Answer Stats

HintAnswer% Correct
DeerDear
99%
HeardHerd
99%
FleaFlee
98%
StealSteel
98%
FlowerFlour
97%
PoorPour
96%
VeinVain
96%
CreekCreak
93%
SentScent
89%
SellCell
88%
AisleIsle
88%
LinksLynx
88%
ToeTow
88%
WhaleWail
88%
NeedKnead
84%
FoulFowl
82%
AlterAltar
79%
BoreBoar
78%
MallMaul
77%
ColonelKernel
73%
YolkYoke
72%
GorillaGuerrilla
70%
PolePoll
68%
SueSew
68%
FlewFlue
62%
StationaryStationery
60%

Score Distribution

Percentile by Number Answered

Percent of People with Each Score

Your Score History

You have not taken this quiz